000 00640nam a2200241Ia 4500
003 OSt
005 20220924121338.0
006 a|||||r|||| 00| 0
007 ta
008 220923b |||||||| |||| 00| 0 tel d
024 _a345391
037 _cTextual
040 _aARTS
_cARTS
_btel
041 _2tel
_atel
082 _aO35,6x, M4
100 _aShridhar Reddy Au.
_9185424
245 0 _aPrathidwani
260 _aHyderabad
_bJayashri Publications India
_c1984
300 _a191p.
_ccm.
650 _aTELUGU LITERATURE
942 _hO35,6x, M4
_cTEXL
_2CC
999 _c407032
_d407032